000 00855nam a22002417a 4500
003 OSt
005 20260530115318.0
008 260508b1980 xxu||||| |||| 00| 0 eng d
020 _a0662507495
040 _aICI
_bspa
_cICI
_erda
041 _aeng
050 _aGV428.7
_bG85 1988
245 1 0 _aGuidelines for fitness centres and health clubs.
260 _aOttawa :
_bCanadian Government Publishing Centre,
_c1988.
300 _a95 páginas :
_bilustraciones ;
_c28 cm.
504 _aIncluye referencias bibliográficas.
650 4 _aCentros de acondicionamiento físico
_xAdministración.
_934071
650 4 _aClubes de salud
_xNormas.
_934072
650 4 _aInstalaciones deportivas
_xMedidas de seguridad.
_934073
650 4 _aAptitud física
_xInstalaciones.
_934074
650 4 _aRecreación física
_xAdministración.
_934075
942 _2lcc
_cBK
_n1
999 _c13683
_d13683